| 000 | 00699nam a22002532 4500 | ||
|---|---|---|---|
| 999 |
_c18686 _d18686 |
||
| 001 | 0000020224 | ||
| 003 | OSt | ||
| 005 | 20210114102243.0 | ||
| 008 | 110902s xx 000 0 eng d | ||
| 020 | _a8181470842 | ||
| 040 |
_aKABU _cKABU |
||
| 100 | 1 | _aGuyton, Arthur C. | |
| 245 | 1 | 0 |
_aTextbook of medical physiology / _cArthur C. Guyton, John E. Hall. |
| 250 | _a10th ed. | ||
| 260 |
_aPhiladelphia _bSaunders _c2000 |
||
| 300 | _axxxii, 1064p | ||
| 650 | 0 | _aHuman physiology. | |
| 650 | 0 | _aPhysiology, Pathological. | |
| 650 | 0 | _aPhysiological process. | |
| 700 | 1 | _aHall, John E. | |
| 908 | _a110902 | ||
| 942 |
_2lcc _cBK |
||